000 00439nam a2200145Ia 4500
003 OSt
005 20260227115052.0
008 211028s2019 xx 000 0 und d
040 _cAIMIT LIBRARY
041 _aeng
100 _aKujur, Vandana Rita; Dhananjaya K.
_g1716211
_98184
245 _aStudy on employees satisfaction with reference to St Ignatius Hospital Honnavar /
260 _aMangalore
_bBabu Thomas
_c2019
942 _2ddc
_cPRO
999 _c219752
_d219752